| 000 | 00425nam a22001457a 4500 | ||
|---|---|---|---|
| 003 | OSt | ||
| 005 | 20140311163159.0 | ||
| 008 | 140227t xxu||||| |||| 00| 0 eng d | ||
| 050 |
_aPE 1408 _b.V975v6 2008 |
||
| 245 |
_aVoyages in English writing and grammar 6 / _cElaine de Chantal Brookes. |
||
| 260 |
_aPhilippines : _bThe Bookmark Inc., _c2008. |
||
| 300 |
_a552 p. : _bill. ; _c26 cm. |
||
| 942 |
_2lcc _cBK-TR |
||
| 999 |
_c42440 _d42440 |
||